Hospital management (Record no. 76339)

MARC details
000 -LEADER
fixed length control field 00773nam a2200145 a 4500
008 - FIXED-LENGTH DATA ELEMENTS--GENERAL INFORMATION
fixed length control field 120416s1996 xx |||||||||||||| || u
050 ## - LIBRARY OF CONGRESS CALL NUMBER
Classification number RA 971.3 Sha
100 ## - MAIN ENTRY--PERSONAL NAME
Personal name Sharma, S
245 10 - TITLE STATEMENT
Title Hospital management
260 ## - PUBLICATION, DISTRIBUTION, ETC.
Date of publication, distribution, etc. 1996
350 ## -
-- 0.00
995 ## -
-- ANNEX COLLECTION (Main Library)
-- 0.00
-- 732870
-- CBU-MAIN LIBRARY (Kitwe)
-- 3
-- 49.95
-- RA 971.3 Sha
-- 3
-- AVAILABLE
-- Apr 10, 2007
-- 029947
-- Annex Low-Usage Collection
995 ## -
-- ANNEX COLLECTION (Main Library)
-- 0.00
-- 732871
-- CBU-MAIN LIBRARY (Kitwe)
-- 1
-- 49.95
-- RA 971.3 Sha
-- 1
-- AVAILABLE
-- Apr 10, 2007
-- 029946
-- Annex Low-Usage Collection
995 ## -
-- MAIN LIBRARY OPEN ACCESS
-- 0.00
-- 732869
-- CBU-MAIN LIBRARY (Kitwe)
-- 2
-- 49.95
-- RA 971.3 Sha
-- 2
-- AVAILABLE
-- Apr 10, 2007
-- 029945
-- Main Library Open Access Collection
999 ## -
-- 76339
-- 76339
Holdings
Withdrawn status Lost status Source of classification or shelving scheme Damaged status Not for loan Permanent Location Current Location Shelving location Date acquired Total Checkouts Full call number Barcode Date last seen Copy number Price effective from Koha item type
          CBU-MAIN LIBRARY, KITWE. CBU-MAIN LIBRARY, KITWE.   04/25/2023   RA 971.3 Sha 029947 04/25/2023 1 04/25/2023 MONOGRAPH
          CBU-MAIN LIBRARY, KITWE. CBU-MAIN LIBRARY, KITWE.   04/25/2023   RA 971.3 Sha 029946 04/25/2023 2 04/25/2023 MONOGRAPH
          CBU-MAIN LIBRARY, KITWE. CBU-MAIN LIBRARY, KITWE.   04/25/2023   RA 971.3 Sha 029945 04/25/2023 3 04/25/2023 MONOGRAPH